书目信息 |
| 题名: |
鲁迅全集
|
|
| 作者: | 鲁迅 原著 | |
| 分册: | 第二卷 | |
| 出版信息: | 北京 同心出版社 2014.05 |
|
| 页数: | 329页 | |
| 开本: | 24cm | |
| 丛书名: | ||
| 单 册: | ||
| 中图分类: | I210.1 | |
| 科图分类: | ||
| 主题词: | 鲁迅著作--全集 | |
| 电子资源: | ||
| ISBN: | 978-7-5477-1110-1 | |
| 000 | 00732nam0 2200229 450 | |
| 001 | 0102100421 | |
| 005 | 20210406090234.20 | |
| 010 | @a978-7-5477-1110-1@dCNY29.90 | |
| 100 | @a20140930e20192014em y0chiy50 ea | |
| 101 | 0 | @achi |
| 102 | @aCN@b110000 | |
| 105 | @ay z 000zy | |
| 106 | @ar | |
| 200 | 1 | @a鲁迅全集@Alu xun quan ji@h第二卷@f鲁迅著 |
| 210 | @a北京@c同心出版社@d2014.05@h2019.11 | |
| 215 | @a329页@d24cm | |
| 330 | @a本书收录鲁迅全部精华作品,含创作、书信和日记等。内容大致分为创作、古籍校辑、译作三大部分,基本按时间先后排序。 | |
| 606 | 0 | @a鲁迅著作@j全集 |
| 690 | @aI210.1@v5 | |
| 701 | 0 | @a鲁迅@Alu xun@f(1881~1936)@4原著 |
| 801 | 0 | @aCN@bBJSZM@c20210402 |
| 905 | @b1275899-900@b1279214-5@dI210.1@e443:2@f4 | |
| 鲁迅全集.第二卷/鲁迅著.-北京:同心出版社,2014.05(2019.11) |
| 329页;24cm |
| ISBN 978-7-5477-1110-1:CNY29.90 |
| 本书收录鲁迅全部精华作品,含创作、书信和日记等。内容大致分为创作、古籍校辑、译作三大部分,基本按时间先后排序。 |
| ● |
| 相关链接 |
|
|
|
|
正题名:鲁迅全集
索取号:I210.1/443:2
 
预约/预借
| 序号 | 登录号 | 条形码 | 馆藏地/架位号 | 状态 | 备注 |
| 1 | 1275899 | 212758997 | 第一样本阅览室/ [索取号:I210.1/443:2] | 在馆 | |
| 2 | 1275900 | 212759004 | 教育系资料室/ [索取号:I210.1/443:2] | 在馆 | |
| 3 | 1279214 | 212792147 | 教育系资料室/ [索取号:I210.1/443:2] | 在馆 | |
| 4 | 1279215 | 212792156 | 第二借阅区/ [索取号:I210.1/443:2] | 在馆 |